1565 1866 1790 1628 1543 1794 1723 1567 1047 1333 1236 1082 1497 1069 1329 1543 1318 1571 1583 1581 1037 1612 1626 1642 1791 1822 1801 1782 1498 1413 1747 1722 1366 1171 1492 1074 1127 1289 1866 1425 1905 1685 1152 1002 1317 1478 1372 1128 1493 1687 1052 1514 1448 1933 1734 1971 1606 1344 1121 1409 1763 1503 1086 1874 1932 1565 1322 1164 1883 1084 1456 1255 1710 1821 1947 1270 1117 1845 1404 1784 1279 1321 1427 1371 1583 1926 1510 1101 1780 1051 1151 1435 1095 1473 1999 1837 1604 1879 1643 BCNSPRNW ULIB Ver.6.0+V

เปลี่ยนเป็นภาษาไทย

Change to English
 แสดงรายละเอียดบรรณานุกรม
  กลับหน้าหลัก

Brief Record : Get Marc (ISO 2709) : E-mail record : QR code < ปิดหน้าต่าง
LEADER : 00000nam 2200000uu 4500
001    13399111968
003     ULIB
008    110713s2551||||th 000 0 tha d
020    9789746433693(ล.1)
020    9746433695
060  4 WY100^bส719ม ล1
110 1  มหาวิทยาลัยสุโขทัยธรรมาธิราช^bสาขาวิชาพยาบาลศาสตร์
245 00 เอกสารการสอนชุดวิชา มโนมติและกระบวนการพยาบาล หน่วยที่1-6=^bNursing concept and process /^cบรรณาธิการ วาริณี เอี่ยมสวัสดิกุล
246 0  Nursing concept and process
250    พิมพ์ครั้งที่ 13
260    นนทบุรี:^bศูนย์หนังสือมหาวิทยาลัยสุโขทัยธรรมาธิราช,^c2553
300    406 หน้า
650  7 การพยาบาล
650  7 การพยาบาลส่งเสริมสุขภาพ
650  7 การพยาบาลครอบครัว
650  7 การพยาบาลชุมชน
650  7 การพยาบาลบุคคล
650  7 การวินิจฉัยทางการพยาบาล
945    ^p0^l0^i18403
945    ^p0^l0^i18404
945    ^p0^l0^i18405
945    ^p0^l0^i22193
945    ^p0^l0^i22192
945    ^p0^l0^i22191
945    ^p0^l0^i22190
945    ^p0^l0^i22189
945    ^p0^l0^i22194
945    ^p0^l0^i22195
945    ^p0^l0^i22196
945    ^p0^l0^i22197
945    ^p0^l0^i22198
945    ^p0^l0^i22199
945    ^p0^l0^i22200
945    ^p0^l0^i22201
945    ^p0^l0^i22202
945    ^p0^l0^i22203
995    ทศพร
999    ^aใช้งานได้ทุกระบบ
รายการนี้ยังไม่มีแท็ก
คุณยังไม่ได้ล็อกอิน คุณสามารถมีกิจกรรมร่วมกับเว็บไซต์ได้ แต่ต้องล็อกอินก่อน ::
  ล็อกอิน

รายการสื่อสารสนเทศ

ลำดับที่ ประเภท เลขเรียก/บาร์โค้ด สถานที่ สถานะ
1. Book การพยาบาล
Book การพยาบาล
WY100 ส719ม ล1  
  Barcode: 18403
ห้องสมุดวิทยาเขตนครสวรรค์
►ส่วนจัดเก็บหนังสือเก่า นว.
บนชั้น
  ขอยืม
2. Book การพยาบาล
Book การพยาบาล
WY100 ส719ม ล1 ฉ.10 
  Barcode: 22195
ห้องสมุดวิทยาเขตนครสวรรค์
►ส่วนจัดเก็บหนังสือเก่า นว.
บนชั้น
  ขอยืม
3. Book การพยาบาล
Book การพยาบาล
WY100 ส719ม ล1 ฉ.11 
  Barcode: 22196
ห้องสมุดวิทยาเขตนครสวรรค์
►ส่วนจัดเก็บหนังสือเก่า นว.
บนชั้น
  ขอยืม
4. Book การพยาบาล
Book การพยาบาล
WY100 ส719ม ล1 ฉ.12 
  Barcode: 22197
ห้องสมุดวิทยาเขตนครสวรรค์
►ส่วนจัดเก็บหนังสือเก่า นว.
บนชั้น
  ขอยืม
5. Book การพยาบาล
Book การพยาบาล
WY100 ส719ม ล1 ฉ.13 
  Barcode: 22198
ห้องสมุดวิทยาเขตนครสวรรค์
►ส่วนจัดเก็บหนังสือเก่า นว.
บนชั้น
  ขอยืม
6. Book การพยาบาล
Book การพยาบาล
WY100 ส719ม ล1 ฉ.14 
  Barcode: 22199
ห้องสมุดวิทยาเขตนครสวรรค์
►ส่วนจัดเก็บหนังสือเก่า นว.
บนชั้น
  ขอยืม
7. Book การพยาบาล
Book การพยาบาล
WY100 ส719ม ล1 ฉ.15 
  Barcode: 22200
ห้องสมุดวิทยาเขตนครสวรรค์
►ส่วนจัดเก็บหนังสือเก่า นว.
บนชั้น
  ขอยืม
8. Book การพยาบาล
Book การพยาบาล
WY100 ส719ม ล1 ฉ.16 
  Barcode: 22201
ห้องสมุดวิทยาเขตนครสวรรค์
►ส่วนจัดเก็บหนังสือเก่า นว.
บนชั้น
  ขอยืม
9. Book การพยาบาล
Book การพยาบาล
WY100 ส719ม ล1 ฉ.17 
  Barcode: 22202
ห้องสมุดวิทยาเขตนครสวรรค์
►ส่วนจัดเก็บหนังสือเก่า นว.
บนชั้น
  ขอยืม
10. Book การพยาบาล
Book การพยาบาล
WY100 ส719ม ล1 ฉ.18 
  Barcode: 22203
ห้องสมุดวิทยาเขตนครสวรรค์
►ส่วนจัดเก็บหนังสือเก่า นว.
บนชั้น
  ขอยืม
11. Book การพยาบาล
Book การพยาบาล
WY100 ส719ม ล1 ฉ.2 
  Barcode: 18404
ห้องสมุดวิทยาเขตนครสวรรค์
►ส่วนจัดเก็บหนังสือเก่า นว.
บนชั้น
  ขอยืม
12. Book การพยาบาล
Book การพยาบาล
WY100 ส719ม ล1 ฉ.3 
  Barcode: 18405
ห้องสมุดวิทยาเขตนครสวรรค์
►ส่วนจัดเก็บหนังสือเก่า นว.
บนชั้น
  ขอยืม
13. Book การพยาบาล
Book การพยาบาล
WY100 ส719ม ล1 ฉ.4 
  Barcode: 22189
ห้องสมุดวิทยาเขตนครสวรรค์
►ส่วนจัดเก็บหนังสือเก่า นว.
บนชั้น
  ขอยืม
14. Book การพยาบาล
Book การพยาบาล
WY100 ส719ม ล1 ฉ.5 
  Barcode: 22190
ห้องสมุดวิทยาเขตนครสวรรค์
►ส่วนจัดเก็บหนังสือเก่า นว.
บนชั้น
  ขอยืม
15. Book การพยาบาล
Book การพยาบาล
WY100 ส719ม ล1 ฉ.6 
  Barcode: 22191
ห้องสมุดวิทยาเขตนครสวรรค์
►ส่วนจัดเก็บหนังสือเก่า นว.
บนชั้น
  ขอยืม
16. Book การพยาบาล
Book การพยาบาล
WY100 ส719ม ล1 ฉ.7 
  Barcode: 22192
ห้องสมุดวิทยาเขตนครสวรรค์
►ส่วนจัดเก็บหนังสือเก่า นว.
บนชั้น
  ขอยืม
17. Book การพยาบาล
Book การพยาบาล
WY100 ส719ม ล1 ฉ.8 
  Barcode: 22193
ห้องสมุดวิทยาเขตนครสวรรค์
►ส่วนจัดเก็บหนังสือเก่า นว.
บนชั้น
  ขอยืม
18. Book การพยาบาล
Book การพยาบาล
WY100 ส719ม ล1 ฉ.9 
  Barcode: 22194
ห้องสมุดวิทยาเขตนครสวรรค์
►ส่วนจัดเก็บหนังสือเก่า นว.
บนชั้น
  ขอยืม

รายการใกล้เคียง
    หัวเรื่อง [การพยาบาล]
    หัวเรื่อง [การพยาบาลส่งเสริมสุขภาพ]
    หัวเรื่อง [การพยาบาลครอบครัว]
    หัวเรื่อง [การพยาบาลชุมชน]
    หัวเรื่อง [การพยาบาลบุคคล]
    หัวเรื่อง [การวินิจฉัยทางการพยาบาล]

BibComment


ยังไม่เคยถูกคอมเมนท์

คอมเมนท์ทรัพยากรรายการนี้
  คอมเมนท์: เอกสารการสอนชุดวิ..


 Copyright 2026. Bcnsprnw @Library